[Event "Wroclaw"]
[Site "?"]
[Date "2020.08.27"]
[Round "10.6"]
[White "Galuszka, Tomasz"]
[Black "Pacan-Milej, Kosma"]
[Result "0-1"]
[BlackElo "2113"]
[WhiteElo "1943"]
[LiveChessVersion "1.4.8"]

1. e4 {[%clk 0:03:02]} c5 {[%clk 0:03:03]} 2. Nf3 {[%clk 0:03:03]} Nc6
{[%clk 0:03:04]} 3. d3 {[%clk 0:03:04]} g6 {[%clk 0:03:03]} 4. g3
{[%clk 0:03:05]} Bg7 {[%clk 0:03:03]} 5. Bg2 {[%clk 0:03:06]} Nf6
{[%clk 0:02:59]} 6. O-O {[%clk 0:03:06]} O-O {[%clk 0:02:58]} 7. Nc3
{[%clk 0:03:04]} d5 {[%clk 0:02:48]} 8. exd5 {[%clk 0:02:55]} Nxd5
{[%clk 0:02:48]} 9. Nxd5 {[%clk 0:02:55]} Qxd5 {[%clk 0:02:48]} 10. Nd2
{[%clk 0:02:55]} Qd7 {[%clk 0:02:42]} 11. Nc4 {[%clk 0:02:41]} b6
{[%clk 0:02:41]} 12. c3 {[%clk 0:02:14]} Bb7 {[%clk 0:02:42]} 13. Qe2
{[%clk 0:02:14]} Rad8 {[%clk 0:02:31]} 14. Rd1 {[%clk 0:01:54]} Rfe8
{[%clk 0:02:30]} 15. Be3 {[%clk 0:01:50]} e5 {[%clk 0:02:26]} 16. a4
{[%clk 0:01:49]} Nd4 {[%clk 0:02:17]} 17. Qf1 {[%clk 0:00:41]} Bxg2
{[%clk 0:01:46]} 18. Qxg2 {[%clk 0:00:42]} Nc2 {[%clk 0:01:38]} 19. Rac1
{[%clk 0:00:24]} Qxa4 {[%clk 0:01:09]} 20. f3 {[%clk 0:00:16]} Nxe3
{[%clk 0:01:07]} 21. Nxe3 {[%clk 0:00:17]} Bh6 {[%clk 0:00:59]} 22. Qe2
{[%clk 0:00:18]} Qc6 {[%clk 0:00:56]} 23. Ra1 {[%clk 0:00:16]} Bxe3+
{[%clk 0:00:48]} 24. Qxe3 {[%clk 0:00:17]} Rd7 {[%clk 0:00:49]} 25. Kf2
{[%clk 0:00:16]} Qb5 {[%clk 0:00:45]} 26. Rd2 {[%clk 0:00:15]} f6
{[%clk 0:00:41]} 27. h4 {[%clk 0:00:11]} Red8 {[%clk 0:00:42]} 28. Rad1
{[%clk 0:00:12]} Qc6 {[%clk 0:00:37]} 29. h5 {[%clk 0:00:11]} g5 {[%clk 0:00:36]}
30. g4 {[%clk 0:00:10]} Qd5 {[%clk 0:00:32]} 31. Ke2 {[%clk 0:00:07]} a5
{[%clk 0:00:31]} 32. Qe4 {[%clk 0:00:08]} Qxe4+ {[%clk 0:00:29]} 33. dxe4
{[%clk 0:00:08]} Rxd2+ {[%clk 0:00:27]} 34. Rxd2 {[%clk 0:00:10]} Rxd2+
{[%clk 0:00:28]} 35. Kxd2 {[%clk 0:00:11]} c4 {[%clk 0:00:18]} 36. Kc2
{[%clk 0:00:10]} Kf7 {[%clk 0:00:19]} 37. Kb1 {[%clk 0:00:11]} Ke6
{[%clk 0:00:19]} 38. Ka2 {[%clk 0:00:12]} Kd6 {[%clk 0:00:20]} 39. Ka3
{[%clk 0:00:14]} Kc6 {[%clk 0:00:20]} 40. Ka4 {[%clk 0:00:14]} Kc5
{[%clk 0:00:21]} 41. Ka3 {[%clk 0:00:14]} b5 {[%clk 0:00:21]} 42. Ka2
{[%clk 0:00:15]} b4 {[%clk 0:00:20]} 43. Kb1 {[%clk 0:00:16]} Kb5
{[%clk 0:00:21]} 44. Ka1 {[%clk 0:00:14]} Ka4 {[%clk 0:00:20]} 45. Ka2
{[%clk 0:00:16]} h6 {[%clk 0:00:21]} 0-1

[Event "Wroclaw"]
[Site "?"]
[Date "2020.08.27"]
[Round "10.7"]
[White "Zerebiec, Maurycy"]
[Black "Nowak, Mikolaj"]
[Result "1-0"]
[BlackElo "1875"]
[WhiteElo "1920"]
[LiveChessVersion "1.4.8"]

1. c4 {[%clk 0:03:03]} g6 {[%clk 0:03:03]} 2. Nc3 {[%clk 0:03:04]} Bg7
{[%clk 0:03:04]} 3. g3 {[%clk 0:03:05]} e6 {[%clk 0:03:04]} 4. Bg2
{[%clk 0:03:06]} Ne7 {[%clk 0:03:05]} 5. e4 {[%clk 0:03:07]} c5 {[%clk 0:03:05]}
6. Nge2 {[%clk 0:03:07]} Nbc6 {[%clk 0:03:06]} 7. O-O {[%clk 0:03:07]} d6
{[%clk 0:03:06]} 8. d3 {[%clk 0:03:07]} O-O {[%clk 0:03:04]} 9. a3
{[%clk 0:03:08]} Rb8 {[%clk 0:02:46]} 10. Rb1 {[%clk 0:03:08]} b6
{[%clk 0:02:44]} 11. Be3 {[%clk 0:03:01]} Nd4 {[%clk 0:02:39]} 12. b4
{[%clk 0:02:55]} Bd7 {[%clk 0:02:21]} 13. h3 {[%clk 0:02:35]} f5 {[%clk 0:02:12]}
14. Kh2 {[%clk 0:02:32]} Qc7 {[%clk 0:01:53]} 15. bxc5 {[%clk 0:02:23]} bxc5
{[%clk 0:01:49]} 16. Bxd4 {[%clk 0:02:17]} cxd4 {[%clk 0:01:37]} 17. Nb5
{[%clk 0:02:17]} Qc5 {[%clk 0:01:25]} 18. Qa4 {[%clk 0:02:08]} Nc6
{[%clk 0:01:14]} 19. exf5 {[%clk 0:01:45]} gxf5 {[%clk 0:01:03]} 20. Bxc6
{[%clk 0:01:45]} Bxc6 {[%clk 0:00:59]} 21. Qxa7 {[%clk 0:01:42]} Rxb5
{[%clk 0:00:47]} 22. Qe7 {[%clk 0:01:23]} Rxb1 {[%clk 0:00:30]} 23. Qxe6+
{[%clk 0:01:23]} Kh8 {[%clk 0:00:27]} 24. Rxb1 {[%clk 0:01:22]} Qxa3
{[%clk 0:00:20]} 25. Nf4 {[%clk 0:01:13]} Qa2 {[%clk 0:00:17]} 26. Rf1
{[%clk 0:01:13]} Qa3 {[%clk 0:00:14]} 27. Qe7 {[%clk 0:00:47]} Re8
{[%clk 0:00:10]} 28. Qh4 {[%clk 0:00:47]} Qc5 {[%clk 0:00:10]} 29. Nh5
{[%clk 0:00:30]} Qe5 {[%clk 0:00:10]} 30. Nf4 {[%clk 0:00:09]} Qf6
{[%clk 0:00:08]} 31. Qh5 {[%clk 0:00:10]} Kg8 {[%clk 0:00:05]} 32. Qd1
{[%clk 0:00:08]} Qe5 {[%clk 0:00:05]} 33. Qh5 {[%clk 0:00:05]} Rf8
{[%clk 0:00:04]} 34. Qd1 {[%clk 0:00:06]} Bh6 {[%clk 0:00:04]} 35. Ng2
{[%clk 0:00:04]} Kh8 {[%clk 0:00:04]} 36. f4 Qf6 {[%clk 0:00:05]} 37. Nh4
{[%clk 0:00:04]} Bg7 {[%clk 0:00:06]} 38. Re1 {[%clk 0:00:04]} Re8
{[%clk 0:00:06]} 39. Rxe8+ Bxe8 {[%clk 0:00:08]} 40. Qe2 {[%clk 0:00:06]} Bd7
{[%clk 0:00:09]} 41. Nf3 {[%clk 0:00:06]} Qe6 {[%clk 0:00:09]} 42. Qd2
{[%clk 0:00:04]} h6 {[%clk 0:00:10]} 43. Kg2 {[%clk 0:00:05]} Bc6
{[%clk 0:00:11]} 44. Kf2 {[%clk 0:00:06]} Bxf3 45. Kxf3 {[%clk 0:00:07]} d5
{[%clk 0:00:11]} 46. cxd5 {[%clk 0:00:06]} Qxd5+ {[%clk 0:00:13]} 47. Kf2
{[%clk 0:00:08]} Kh7 {[%clk 0:00:13]} 48. Kg1 {[%clk 0:00:06]} Qf3
{[%clk 0:00:13]} 49. Kh2 {[%clk 0:00:06]} Qf1 {[%clk 0:00:12]} 50. g4
{[%clk 0:00:05]} fxg4 {[%clk 0:00:10]} 51. hxg4 {[%clk 0:00:06]} Qf3
{[%clk 0:00:11]} 52. g5 {[%clk 0:00:05]} hxg5 {[%clk 0:00:10]} 53. fxg5
{[%clk 0:00:05]} Kg6 {[%clk 0:00:12]} 54. Qc2 {[%clk 0:00:04]} Qh5+
{[%clk 0:00:11]} 55. Kg2 {[%clk 0:00:04]} Qxg5+ {[%clk 0:00:11]} 56. Kf1
{[%clk 0:00:05]} Qf4+ {[%clk 0:00:12]} 57. Ke1 {[%clk 0:00:06]} Qe3+
{[%clk 0:00:11]} 58. Kf1 {[%clk 0:00:06]} Qe6 {[%clk 0:00:10]} 59. Qg2+
{[%clk 0:00:06]} Kf7 {[%clk 0:00:11]} 60. Qc2 {[%clk 0:00:06]} Qf5+
{[%clk 0:00:10]} 61. Ke1 {[%clk 0:00:06]} Be5 {[%clk 0:00:09]} 62. Qc4+
{[%clk 0:00:05]} Qe6 {[%clk 0:00:09]} 63. Qb5 {[%clk 0:00:05]} Bf6+
{[%clk 0:00:09]} 64. Kd1 {[%clk 0:00:05]} Qe3 {[%clk 0:00:08]} 65. Qc4+
{[%clk 0:00:05]} Kg7 {[%clk 0:00:08]} 66. Qc7+ {[%clk 0:00:05]} Kg6
{[%clk 0:00:08]} 67. Qc4 {[%clk 0:00:05]} Bg5 {[%clk 0:00:08]} 68. Kc2
{[%clk 0:00:05]} Bf6 {[%clk 0:00:07]} 69. Kb3 {[%clk 0:00:05]} Qd2
{[%clk 0:00:06]} 70. Qg8+ {[%clk 0:00:06]} Kf5 {[%clk 0:00:05]} 71. Qd5+
{[%clk 0:00:07]} Kf4 {[%clk 0:00:04]} 72. Qe4+ {[%clk 0:00:07]} Kg3
{[%clk 0:00:04]} 73. Qg6+ {[%clk 0:00:08]} Qg5 {[%clk 0:00:04]} 74. Qe4
{[%clk 0:00:08]} Kf2 {[%clk 0:00:03]} 75. Kc2 {[%clk 0:00:07]} Be5
{[%clk 0:03:02]} 1-0

[Event "Wroclaw"]
[Site "?"]
[Date "2020.08.27"]
[Round "10.8"]
[White "Lis, Mateusz"]
[Black "Skowron, Mateusz"]
[Result "1-0"]
[BlackElo "1489"]
[WhiteElo "2113"]
[LiveChessVersion "1.4.8"]

1. e4 {[%clk 0:03:02]} c6 {[%clk 0:03:03]} 2. d4 {[%clk 0:03:03]} d5
{[%clk 0:03:05]} 3. e5 {[%clk 0:03:04]} Bf5 {[%clk 0:03:05]} 4. Nf3
{[%clk 0:03:05]} e6 {[%clk 0:03:04]} 5. Be2 {[%clk 0:03:03]} Nd7 {[%clk 0:03:04]}
6. Be3 {[%clk 0:03:04]} c5 {[%clk 0:02:46]} 7. c3 {[%clk 0:03:04]} Qc7
{[%clk 0:02:46]} 8. O-O {[%clk 0:02:52]} Ne7 {[%clk 0:02:47]} 9. Nbd2
{[%clk 0:02:52]} Nc6 {[%clk 0:02:47]} 10. Nb3 {[%clk 0:02:47]} c4
{[%clk 0:02:44]} 11. Nbd2 {[%clk 0:02:47]} Be7 {[%clk 0:02:38]} 12. b3
{[%clk 0:02:47]} b5 {[%clk 0:02:31]} 13. a4 {[%clk 0:02:48]} cxb3
{[%clk 0:01:52]} 14. axb5 {[%clk 0:01:39]} Bc2 {[%clk 0:01:51]} 15. Qc1
{[%clk 0:01:35]} Na5 {[%clk 0:01:48]} 16. Qb2 {[%clk 0:01:02]} Nc4
{[%clk 0:01:46]} 17. Nxc4 {[%clk 0:00:45]} dxc4 {[%clk 0:01:47]} 18. Nd2
{[%clk 0:00:39]} Nb6 {[%clk 0:01:44]} 19. Bf3 {[%clk 0:00:25]} Nd5
{[%clk 0:01:32]} 20. Ra4 {[%clk 0:00:25]} Bd3 {[%clk 0:01:30]} 21. Rd1
{[%clk 0:00:27]} O-O {[%clk 0:01:19]} 22. Nxb3 {[%clk 0:00:28]} Rfb8
{[%clk 0:01:10]} 23. Nc1 {[%clk 0:00:15]} Bg6 {[%clk 0:00:57]} 24. Be2
{[%clk 0:00:12]} Nb6 {[%clk 0:00:54]} 25. Ra6 {[%clk 0:00:12]} Rb7
{[%clk 0:00:45]} 26. Bf3 {[%clk 0:00:08]} Nd5 {[%clk 0:00:46]} 27. Ne2
{[%clk 0:00:06]} Rab8 {[%clk 0:00:45]} 28. Qa2 {[%clk 0:00:07]} Rxb5
{[%clk 0:00:32]} 29. Rxa7 R5b7 {[%clk 0:00:31]} 30. Rxb7 {[%clk 0:00:10]} Rxb7
{[%clk 0:00:32]} 31. Nf4 {[%clk 0:00:10]} Nxf4 {[%clk 0:00:31]} 32. Bxb7
{[%clk 0:00:09]} Nh3+ {[%clk 0:00:22]} 33. gxh3 {[%clk 0:00:07]} Qxb7
{[%clk 0:00:23]} 34. Ra1 {[%clk 0:00:05]} Be4 {[%clk 0:00:20]} 35. Qa7
{[%clk 0:00:05]} h6 {[%clk 0:00:15]} 36. Qxb7 {[%clk 0:00:06]} Bxb7
{[%clk 0:00:16]} 37. Ra7 {[%clk 0:00:08]} Bd5 {[%clk 0:00:15]} 38. Rxe7
{[%clk 0:00:09]} Kf8 {[%clk 0:00:17]} 39. Rc7 {[%clk 0:00:10]} Ke8
{[%clk 0:00:18]} 40. Bc1 {[%clk 0:00:11]} g6 {[%clk 0:00:17]} 41. Ba3
{[%clk 0:00:12]} h5 {[%clk 0:00:18]} 42. Re7+ {[%clk 0:00:13]} 1-0

[Event "Wroclaw"]
[Site "?"]
[Date "2020.08.27"]
[Round "10.9"]
[White "Majocha, Piotr"]
[Black "Radecki, Adam"]
[Result "1/2-1/2"]
[BlackElo "1908"]
[WhiteElo "1793"]
[LiveChessVersion "1.4.8"]

1. Nf3 {[%clk 0:03:03]} d5 {[%clk 0:03:04]} 2. c4 {[%clk 0:03:04]} c6
{[%clk 0:03:04]} 3. Nc3 {[%clk 0:03:04]} Nf6 {[%clk 0:03:06]} 4. e3
{[%clk 0:03:05]} g6 {[%clk 0:03:07]} 5. d4 {[%clk 0:03:04]} Bg7 {[%clk 0:03:08]}
6. b3 {[%clk 0:03:05]} O-O {[%clk 0:03:08]} 7. Bd3 {[%clk 0:03:01]} Nbd7
{[%clk 0:03:09]} 8. O-O {[%clk 0:03:02]} Re8 {[%clk 0:03:02]} 9. Bb2
{[%clk 0:02:50]} Qc7 {[%clk 0:02:56]} 10. cxd5 {[%clk 0:02:40]} Nxd5
{[%clk 0:02:53]} 11. Nxd5 {[%clk 0:02:38]} cxd5 {[%clk 0:02:54]} 12. Rc1
{[%clk 0:02:36]} Qd6 {[%clk 0:02:50]} 13. Qe2 {[%clk 0:02:17]} e5
{[%clk 0:02:45]} 14. dxe5 {[%clk 0:02:18]} Nxe5 {[%clk 0:02:46]} 15. Nxe5
{[%clk 0:02:19]} Bxe5 {[%clk 0:02:46]} 16. Bxe5 {[%clk 0:02:16]} Qxe5
{[%clk 0:02:47]} 17. Qf3 {[%clk 0:02:03]} Be6 {[%clk 0:02:46]} 18. h3
{[%clk 0:01:53]} Rac8 {[%clk 0:02:47]} 19. Bb5 {[%clk 0:01:43]} Red8
{[%clk 0:02:43]} 20. Qe2 {[%clk 0:01:34]} Qd6 {[%clk 0:02:23]} 21. Qd2
{[%clk 0:01:30]} Qb6 {[%clk 0:02:19]} 22. Be2 {[%clk 0:01:29]} a6
{[%clk 0:02:14]} 23. Bf3 {[%clk 0:01:24]} Rxc1 {[%clk 0:01:53]} 24. Rxc1
{[%clk 0:01:25]} d4 {[%clk 0:01:54]} 25. exd4 {[%clk 0:01:20]} Rxd4
{[%clk 0:01:55]} 26. Qe3 {[%clk 0:01:10]} a5 {[%clk 0:01:40]} 27. Bxb7
{[%clk 0:00:53]} a4 {[%clk 0:01:33]} 28. Bf3 {[%clk 0:00:46]} axb3
{[%clk 0:01:33]} 29. axb3 {[%clk 0:00:48]} Rb4 {[%clk 0:01:28]} 30. Qxb6
{[%clk 0:00:41]} Rxb6 {[%clk 0:01:30]} 31. Rc3 {[%clk 0:00:38]} 1/2-1/2

[Event "Wroclaw"]
[Site "?"]
[Date "2020.08.27"]
[Round "10.10"]
[White "Lambrecht, Tomasz"]
[Black "Kulesza, Andrzej"]
[Result "1/2-1/2"]
[BlackElo "1749"]
[WhiteElo "1487"]
[LiveChessVersion "1.4.8"]

1. d4 {[%clk 0:03:03]} Nf6 {[%clk 0:03:03]} 2. c4 {[%clk 0:03:04]} e6
{[%clk 0:03:04]} 3. Nc3 {[%clk 0:03:05]} Bb4 {[%clk 0:03:05]} 4. Qc2
{[%clk 0:03:07]} O-O {[%clk 0:03:01]} 5. e4 {[%clk 0:03:08]} d5 {[%clk 0:02:59]}
6. e5 {[%clk 0:03:08]} Ne4 {[%clk 0:02:59]} 7. Bd3 {[%clk 0:03:09]} f5
{[%clk 0:02:52]} 8. exf6 {[%clk 0:03:10]} Nxf6 {[%clk 0:02:53]} 9. Nf3
{[%clk 0:02:55]} Nbd7 {[%clk 0:02:46]} 10. O-O {[%clk 0:02:42]} Re8
{[%clk 0:02:47]} 11. Bf4 {[%clk 0:02:01]} c6 {[%clk 0:02:47]} 12. h3
{[%clk 0:01:35]} Nf8 {[%clk 0:02:39]} 13. Rad1 {[%clk 0:01:22]} a6
{[%clk 0:02:22]} 14. Ne5 {[%clk 0:00:58]} N6d7 {[%clk 0:02:13]} 15. Rfe1
{[%clk 0:00:49]} Nxe5 {[%clk 0:02:11]} 16. Bxe5 {[%clk 0:00:50]} b5
{[%clk 0:02:05]} 17. c5 {[%clk 0:00:43]} Ra7 {[%clk 0:02:02]} 18. Re3
{[%clk 0:00:28]} Rf7 {[%clk 0:01:54]} 19. Rg3 {[%clk 0:00:23]} Ba5
{[%clk 0:01:52]} 20. Ne2 {[%clk 0:00:07]} Bc7 {[%clk 0:01:51]} 21. Bxc7
{[%clk 0:00:08]} Qxc7 {[%clk 0:01:52]} 22. f4 {[%clk 0:00:08]} a5
{[%clk 0:01:47]} 23. a3 {[%clk 0:00:09]} Rf6 {[%clk 0:01:18]} 24. b4
{[%clk 0:00:09]} a4 {[%clk 0:01:17]} 25. Rf1 {[%clk 0:00:09]} Re7
{[%clk 0:01:17]} 26. Re3 {[%clk 0:00:08]} Ref7 {[%clk 0:01:15]} 27. g3
{[%clk 0:00:07]} h6 {[%clk 0:00:59]} 28. Kh2 {[%clk 0:00:05]} Qd7
{[%clk 0:00:59]} 29. Re5 {[%clk 0:00:06]} Qd8 {[%clk 0:00:56]} 30. Ng1
{[%clk 0:00:06]} Nd7 {[%clk 0:00:54]} 31. Ree1 {[%clk 0:00:07]} Re7
{[%clk 0:00:51]} 32. Nf3 {[%clk 0:00:08]} Rf8 {[%clk 0:00:43]} 33. Ne5
{[%clk 0:00:09]} Nxe5 {[%clk 0:00:44]} 34. Rxe5 {[%clk 0:00:10]} Rf6
{[%clk 0:00:45]} 35. Rfe1 {[%clk 0:00:11]} Ref7 {[%clk 0:00:39]} 36. Bg6
{[%clk 0:00:11]} Rf8 {[%clk 0:00:40]} 37. Bd3 {[%clk 0:00:11]} Qc7
{[%clk 0:00:39]} 38. Qe2 {[%clk 0:00:06]} Qf7 {[%clk 0:00:38]} 39. Qg4
{[%clk 0:00:06]} Kh8 {[%clk 0:00:36]} 40. R1e2 {[%clk 0:00:04]} Bd7
{[%clk 0:00:29]} 41. Rg2 {[%clk 0:00:04]} Bc8 {[%clk 0:00:28]} 42. Qd1
{[%clk 0:00:03]} Rg8 {[%clk 0:00:24]} 43. Ree2 {[%clk 0:00:04]} g5
{[%clk 0:00:24]} 44. fxg5 {[%clk 0:00:05]} Rxg5 {[%clk 0:00:25]} 45. Qe1
{[%clk 0:00:05]} Qh5 {[%clk 0:00:21]} 46. Ref2 {[%clk 0:00:05]} Rxf2
{[%clk 0:00:15]} 47. Qxf2 {[%clk 0:00:06]} Kg7 {[%clk 0:00:08]} 48. h4
{[%clk 0:00:05]} e5 {[%clk 0:00:03]} 49. dxe5 {[%clk 0:00:03]} Rxe5
{[%clk 0:00:04]} 50. Qf4 {[%clk 0:00:03]} Re7 {[%clk 0:00:05]} 1/2-1/2

[Event "Wroclaw"]
[Site "?"]
[Date "2020.08.27"]
[Round "10.11"]
[White "Fus, Jakub"]
[Black "Pytel, Maciej"]
[Result "1-0"]
[BlackElo "1867"]
[WhiteElo "2113"]
[LiveChessVersion "1.4.8"]

1. d4 {[%clk 0:03:02]} b5 {[%clk 0:03:02]} 2. e4 {[%clk 0:02:57]} Bb7
{[%clk 0:03:03]} 3. Bxb5 {[%clk 0:02:57]} Bxe4 {[%clk 0:03:04]} 4. Nf3
{[%clk 0:02:58]} Nf6 {[%clk 0:02:54]} 5. O-O {[%clk 0:02:58]} Bb7
{[%clk 0:02:54]} 6. c4 {[%clk 0:02:58]} e6 {[%clk 0:02:54]} 7. Nc3
{[%clk 0:02:59]} Be7 {[%clk 0:02:50]} 8. Re1 {[%clk 0:02:47]} O-O
{[%clk 0:02:48]} 9. Ba4 {[%clk 0:02:47]} Ba6 {[%clk 0:02:08]} 10. b3
{[%clk 0:02:24]} d5 {[%clk 0:01:50]} 11. Ne5 {[%clk 0:02:18]} dxc4
{[%clk 0:01:11]} 12. Qf3 {[%clk 0:01:53]} Nbd7 {[%clk 0:00:56]} 13. bxc4
{[%clk 0:01:36]} Nxe5 {[%clk 0:00:39]} 14. dxe5 {[%clk 0:01:35]} Nd7
{[%clk 0:00:40]} 15. Rd1 {[%clk 0:01:02]} Nxe5 {[%clk 0:00:37]} 16. Qe4
{[%clk 0:00:58]} Bd6 {[%clk 0:00:22]} 17. c5 {[%clk 0:00:56]} f5 {[%clk 0:00:15]}
18. Qe1 {[%clk 0:00:47]} Qf6 {[%clk 0:00:10]} 19. cxd6 {[%clk 0:00:42]} cxd6
{[%clk 0:00:11]} 20. Bb3 {[%clk 0:00:20]} d5 {[%clk 0:00:08]} 21. f4
{[%clk 0:00:08]} Nd3 {[%clk 0:00:07]} 22. Rxd3 {[%clk 0:00:06]} Bxd3
{[%clk 0:00:08]} 23. Bb2 {[%clk 0:00:07]} Qg6 {[%clk 0:00:05]} 24. Qd2
{[%clk 0:00:06]} Be4 {[%clk 0:00:06]} 25. Nxe4 {[%clk 0:00:07]} fxe4
{[%clk 0:00:07]} 26. Rf1 {[%clk 0:00:06]} Rad8 {[%clk 0:00:05]} 27. Qd4
{[%clk 0:00:07]} Qf6 {[%clk 0:00:05]} 28. Qd2 {[%clk 0:00:07]} d4
{[%clk 0:00:06]} 29. f5 {[%clk 0:00:07]} Kh8 {[%clk 0:00:05]} 30. Bxe6
{[%clk 0:00:06]} e3 {[%clk 0:00:05]} 31. Qd3 {[%clk 0:00:08]} Qe5
{[%clk 0:00:04]} 32. Re1 {[%clk 0:00:08]} Rf6 {[%clk 0:00:03]} 33. h3
{[%clk 0:00:08]} Rff8 {[%clk 0:00:04]} 34. Rd1 {[%clk 0:00:08]} Qg3
{[%clk 0:00:04]} 35. Bxd4 {[%clk 0:00:07]} Qf2+ {[%clk 0:00:04]} 36. Kh1
{[%clk 0:00:07]} Qf4 {[%clk 0:00:04]} 37. Qc3 {[%clk 0:00:03]} Qg5
{[%clk 0:00:03]} 38. Re1 {[%clk 0:00:03]} Rfe8 {[%clk 0:00:00]} 39. Bxe3
{[%clk 0:00:03]} 1-0

[Event "Wroclaw"]
[Site "?"]
[Date "2020.08.27"]
[Round "11.1"]
[White "Teclaf, Pawel"]
[Black "Golenia, Jan"]
[Result "1-0"]
[BlackElo "1956"]
[WhiteElo "2383"]
[LiveChessVersion "1.4.8"]

1. Nf3 {[%clk 0:03:02]} e6 {[%clk 0:03:01]} 2. b3 {[%clk 0:03:01]} b6
{[%clk 0:03:02]} 3. g3 {[%clk 0:03:02]} Bb7 {[%clk 0:03:04]} 4. Bg2
{[%clk 0:03:03]} Nf6 {[%clk 0:03:05]} 5. Bb2 {[%clk 0:03:04]} Be7
{[%clk 0:03:06]} 6. O-O {[%clk 0:03:03]} O-O {[%clk 0:03:07]} 7. c4
{[%clk 0:03:04]} d6 {[%clk 0:03:07]} 8. d4 {[%clk 0:03:05]} Nbd7 {[%clk 0:03:07]}
9. Qc2 {[%clk 0:03:01]} c5 {[%clk 0:03:06]} 10. Rd1 {[%clk 0:02:50]} Qc7
{[%clk 0:02:55]} 11. Nc3 {[%clk 0:02:50]} a6 {[%clk 0:02:57]} 12. Rac1
{[%clk 0:02:45]} Rac8 {[%clk 0:02:52]} 13. Qb1 {[%clk 0:02:45]} Rfd8
{[%clk 0:02:28]} 14. d5 {[%clk 0:02:27]} e5 {[%clk 0:02:29]} 15. a4
{[%clk 0:02:22]} Rf8 {[%clk 0:02:18]} 16. h3 {[%clk 0:02:15]} Kh8
{[%clk 0:02:19]} 17. e3 {[%clk 0:02:08]} Ng8 18. g4 {[%clk 0:02:04]} Rce8
{[%clk 0:02:16]} 19. Ne4 {[%clk 0:02:05]} Bc8 {[%clk 0:02:07]} 20. Ng3
{[%clk 0:02:04]} Nb8 {[%clk 0:01:47]} 21. Qd3 {[%clk 0:01:49]} Bf6
{[%clk 0:01:28]} 22. Nd2 {[%clk 0:01:49]} e4 {[%clk 0:01:28]} 23. Qc2
{[%clk 0:01:50]} Bxb2 {[%clk 0:01:20]} 24. Qxb2 {[%clk 0:01:51]} f5
{[%clk 0:01:21]} 25. gxf5 {[%clk 0:01:50]} Bxf5 {[%clk 0:01:23]} 26. Ndxe4
{[%clk 0:01:46]} Nd7 {[%clk 0:01:08]} 27. Ng5 {[%clk 0:01:46]} Ne5
{[%clk 0:00:47]} 28. Nxf5 {[%clk 0:01:45]} Rxf5 {[%clk 0:00:46]} 29. Ne6
{[%clk 0:01:43]} Qf7 {[%clk 0:00:46]} 30. f4 {[%clk 0:01:44]} Ng6
{[%clk 0:00:36]} 31. Qf2 {[%clk 0:01:27]} Nf8 32. Ng5 {[%clk 0:01:07]} Qf6
{[%clk 0:00:08]} 33. Ne4 {[%clk 0:00:51]} Qg6 {[%clk 0:00:07]} 34. Ng3
{[%clk 0:00:51]} Rf7 {[%clk 0:00:06]} 35. Kh2 {[%clk 0:00:48]} Nh6
{[%clk 0:00:06]} 36. Bf3 {[%clk 0:00:42]} Nf5 {[%clk 0:00:03]} 1-0

[Event "Wroclaw"]
[Site "?"]
[Date "2020.08.27"]
[Round "11.2"]
[White "Godzwon, Iwo"]
[Black "Szpar, Milosz"]
[Result "1/2-1/2"]
[BlackElo "2275"]
[WhiteElo "2193"]
[LiveChessVersion "1.4.8"]

1. e4 {[%clk 0:03:03]} c5 {[%clk 0:03:03]} 2. Nf3 {[%clk 0:03:05]} Nc6
{[%clk 0:03:04]} 3. Nc3 {[%clk 0:03:05]} d6 {[%clk 0:03:04]} 4. d4
{[%clk 0:03:05]} cxd4 {[%clk 0:03:05]} 5. Nxd4 {[%clk 0:03:06]} Nf6
{[%clk 0:03:06]} 6. Bc4 {[%clk 0:03:07]} e6 {[%clk 0:03:07]} 7. Be3
{[%clk 0:03:06]} a6 {[%clk 0:03:08]} 8. Qe2 {[%clk 0:03:04]} Qc7 {[%clk 0:03:09]}
9. Bb3 {[%clk 0:03:05]} b5 {[%clk 0:02:56]} 10. O-O-O {[%clk 0:03:03]} Na5
{[%clk 0:02:56]} 11. f3 {[%clk 0:02:22]} h5 {[%clk 0:02:46]} 12. Kb1
{[%clk 0:02:07]} Rb8 {[%clk 0:02:45]} 13. Qf2 {[%clk 0:01:39]} Nc4
{[%clk 0:02:38]} 14. Bc1 {[%clk 0:01:40]} Bd7 {[%clk 0:02:28]} 15. g3
{[%clk 0:01:31]} a5 {[%clk 0:02:20]} 16. h3 {[%clk 0:01:30]} a4 {[%clk 0:01:49]}
17. Bxc4 {[%clk 0:01:30]} Qxc4 {[%clk 0:01:48]} 18. Qe2 {[%clk 0:01:19]} Qxe2
{[%clk 0:01:38]} 19. Ncxe2 {[%clk 0:01:17]} g6 {[%clk 0:01:34]} 20. g4
{[%clk 0:01:17]} e5 {[%clk 0:01:34]} 21. g5 {[%clk 0:01:02]} Nh7 {[%clk 0:01:30]}
22. h4 {[%clk 0:00:56]} Be7 {[%clk 0:01:20]} 23. Nc3 {[%clk 0:00:55]} exd4
{[%clk 0:01:19]} 24. Rxd4 {[%clk 0:00:56]} Bc6 {[%clk 0:01:16]} 25. f4
{[%clk 0:00:53]} O-O {[%clk 0:01:11]} 26. Rg1 {[%clk 0:00:49]} Rfd8
{[%clk 0:01:03]} 27. Rf1 {[%clk 0:00:41]} Nf8 {[%clk 0:00:58]} 28. f5
{[%clk 0:00:42]} Nd7 {[%clk 0:00:57]} 29. Bf4 {[%clk 0:00:37]} Ne5
{[%clk 0:00:38]} 30. Rfd1 {[%clk 0:00:38]} gxf5 {[%clk 0:00:33]} 31. exf5
{[%clk 0:00:39]} f6 {[%clk 0:00:20]} 32. gxf6 {[%clk 0:00:38]} Bxf6
{[%clk 0:00:22]} 33. Rxd6 {[%clk 0:00:39]} Bf3 {[%clk 0:00:08]} 34. Rxd8+
{[%clk 0:00:36]} Rxd8 {[%clk 0:00:06]} 35. Rxd8+ {[%clk 0:00:37]} Bxd8
{[%clk 0:00:07]} 36. Bxe5 {[%clk 0:00:39]} b4 {[%clk 0:00:09]} 37. Nxa4
{[%clk 0:00:36]} Bxh4 38. Nc5 {[%clk 0:00:32]} Bf2 {[%clk 0:00:08]} 39. Nd3
{[%clk 0:00:33]} Be3 {[%clk 0:00:09]} 40. Nxb4 {[%clk 0:00:31]} h4 41. a4
{[%clk 0:00:32]} Bf2 {[%clk 0:00:08]} 42. Nd3 {[%clk 0:00:31]} Ba7
{[%clk 0:00:05]} 43. b4 {[%clk 0:00:27]} Be4 {[%clk 0:00:06]} 44. Nc5
{[%clk 0:00:21]} Bxf5 {[%clk 0:00:05]} 45. Kb2 Kf7 {[%clk 0:00:05]} 46. c4
{[%clk 0:00:16]} Bxc5 {[%clk 0:00:04]} 47. bxc5 {[%clk 0:00:18]} Bc8
{[%clk 0:00:05]} 48. Kc3 {[%clk 0:00:19]} Ke6 {[%clk 0:00:06]} 49. Bh2 Kd7
{[%clk 0:00:07]} 50. Kb4 {[%clk 0:00:16]} Kc6 {[%clk 0:00:09]} 51. a5
{[%clk 0:00:17]} Ba6 {[%clk 0:00:06]} 52. Bf4 {[%clk 0:00:18]} 1/2-1/2